| 000 | 00598nam a2200193 i 4500 | ||
|---|---|---|---|
| 001 | bg | ||
| 100 | 1 | _aBLADOWSKI, Bogdan | |
| 245 | 1 | 0 |
_aCzynności sądowe w sprawach cywilnych : _bwzory i komentarz / _cBogdan Bladowski. |
| 260 |
_aWarszawa : _bWydaw. Zrzeszenia Prawników Polskich, Centrum Informacji Prawno-Finansowej, _c1995. |
||
| 300 |
_a451, [1] s. ; _c21 cm. |
||
| 650 | 9 |
_aPostępowanie cywilne _zPolska |
|
| 020 | _a8390382814 | ||
| 040 | _cBPK | ||
| 041 | 0 | _apl | |
| 080 | _a347.91/.95(438) | ||
| 920 | _a83-903828-1-4 | ||
| 942 | _cKS | ||
| 008 | s pl f |000 0 pol | ||
| 999 |
_c32217 _d32217 |
||
| 856 |
_uhttp://koha.tu.koszalin.pl/cgi-bin/koha/opac-detail.pl?biblionumber=32217 _yKatalog online BPK |
||